|
|
|
|
| LEADER |
00000nam a2200000Ia 4500 |
| 008 |
171128b1999 c ||||| |||| 00| | spa d |
| 999 |
|
|
|c 1468
|d 1468
|
| 090 |
|
|
|a 06.02.01
|b 1735
|
| 100 |
1 |
|
|a Campo V. Rafael
|9 3286
|
| 245 |
1 |
0 |
|a Formación integral: modalidad de educación posibilitadora de lo humano /
|c Rafael Campos V.; Mariluz Restrepo J.
|
| 260 |
|
|
|a Bogotá :
|b Facultad de Educación Pontificia Universidad Javeriana,
|c 1999
|
| 300 |
|
|
|a 32 páginas
|
| 650 |
1 |
4 |
|a EDUCACIÓN
|9 1
|
| 650 |
1 |
4 |
|a APRENDIZAJE
|9 387
|
| 700 |
1 |
|
|a Restrepo J., Mariluz
|9 3287
|
| 942 |
|
|
|i 002822
|h 06.02.01 1735
|2 z
|c 01
|